00764 2200313 4500001002100000005001500021035002500036008004100061040001700102084001400119100001400133245006200147250001100209260003300220300003200253500002700285650001800312700001200330850001200342999001500354007000300369082001200372990001100384990001100395990001100406990001100417990001100428990001100439YOGYA-0209000003527220230707092732 a0010-020900000035272090227s1965 jki g ind d aYOPDYOGbind a909 SOE s aSoendhoro aSedjarah dunia :buntuk kelas 1 SMA /cSoendhoro, Poedjio aCet. 1 aJakarta :bMurni Baru,c1965 a129 hlm. :bilus. ;c22 cm. aYang diterima : Jil. 1 aSejarah dunia aPoedjio aYOPDYOG aP000008710ta 223a909 a8709-P a8710-P a8712-P a8710-P a8709-P a8712-P